Projects : Planning, analysis, selection, implementation, and review (Record no. 41018)

MARC details
000 -LEADER
fixed length control field 00403nam a2200133Ia 4500
082 ## - DEWEY DECIMAL CLASSIFICATION NUMBER
Classification number 338.23:336
Item number PRA
100 ## - MAIN ENTRY--AUTHOR NAME
Personal name Prasanna Chandra
245 #0 - TITLE STATEMENT
Title Projects : Planning, analysis, selection, implementation, and review
250 ## - EDITION STATEMENT
Edition statement Ed.4
260 ## - PUBLICATION, DISTRIBUTION, ETC. (IMPRINT)
Place of publication New Delhi
Name of publisher Tata Mc Graw-Hill publishing company
Year of publication 1995
650 ## - SUBJECT ADDED ENTRY--TOPICAL TERM
Topical Term Financial analysis
942 ## - ADDED ENTRY ELEMENTS (KOHA)
Koha item type Books
Holdings
Withdrawn status Lost status Damaged status Not for loan Home library Current library Date acquired Cost, normal purchase price Full call number Accession Number Koha item type
        RRII Library RRII Library 16/12/2021 175.00 338.23:336 PRA 21310 Books